Tratado del Canal de Panamá (Torrijos-Carter)
Celebración de un nuevo tratado canalero entre Panamá y Estados Unidos, y abrogación de los anteriores tratados, copia del tratado del Canal de Panamá firmado por Torrijos y Carter (7 de setiembre 1977). Contiene un preámbulo y numerosos artículos referentes a la ratificación del tratado, funcionami...
Guardado en:
| Institution som forfatter: | |
|---|---|
| Format: | Texto |
| Udgivet: |
Panamá:
Imprenta Universitaria
|
| Fag: | |
| Tags: |
Tilføj Tag
Ingen Tags, Vær først til at tagge denne postø!
|
MARC
| LEADER | 00000 a a2200000 04500 | ||
|---|---|---|---|
| 001 | 19531 | ||
| 003 | |||
| 040 | |||
| 090 | |a 077300 | ||
| 110 | |a Panamá. Gobierno | ||
| 245 | |a Tratado del Canal de Panamá (Torrijos-Carter) | ||
| 260 | |a Panamá: |b Imprenta Universitaria | ||
| 300 | |a 236 p | ||
| 520 | |a Celebración de un nuevo tratado canalero entre Panamá y Estados Unidos, y abrogación de los anteriores tratados, copia del tratado del Canal de Panamá firmado por Torrijos y Carter (7 de setiembre 1977). Contiene un preámbulo y numerosos artículos referentes a la ratificación del tratado, funcionamiento del canal, protección del medio ambiente, seguridad y otros. Se trata del documento completo del nuevo tratado. ALLV | ||
| 650 | |a ZONA DEL CANAL DE PANAMA | ||
| 650 | |a ACUERDOS INTERNACIONALES | ||
| 999 | |c 2054 |d 2054 | ||
